000 00691nam a2200241Ia 4500
003 OSt
005 20221005130830.0
006 a|||||r|||| 00| 0
007 ta
008 221004b |||||||| |||| 00| 0 mar d
024 _a43893
037 _cTextual
040 _aCRL
_cCRL
_bmar
041 _2mar
_amar
082 _aO155,2M55,SS, 15K3
100 _aDeval Gobind Balal
_9638729
245 0 _aSangita samsayakallolam
_b A Sanskrit drama, acts 1to 5 tr by R R Deshpande
260 _c1963
650 _a MARATHI LITERATURE
_938000
650 _aSANSKRIT LITERATURE
942 _hO155,2M55,SS, 15K3
_cTEXL
_2cc
999 _c1058549
_d1058549